Statistics for Famous Soccer Player's Untold Stories

Click here to take the quiz!

General Stats

  • This quiz has been taken 37 times
  • The average score is 5 of 9

Answer Stats

StoryAnswerFirst Two Letters Of Last Name% Correct
growth hormone disorder as a kid, causing him to be shortmessime
100%
drinking addiction, jail time for using a fake passportronaldinhoro
83%
his speed caused anxiety, which led to a heart diseaseronaldoro
78%
obsessed and so passionate about soccer, slept on his ballmbappemb
75%
grew up in an area with some violence and riots in francepogbapo
61%
his absent father was murdered in jamaica when he was 9sterlingst
58%
his dad died when he was very little, had a lot of responsibilitykanteka
31%
was born in an area that was the first german soil to get captured by the UShavertzha
22%
was in the same elementary, middle, and high school as his wifesalahsa
19%

Score Distribution

Percentile by Number Answered

Percent of People with Each Score

Your Score History

You have not taken this quiz